[Event "POR-chT 1st Divison 2018"]
[Site "Maia"]
[Date "2018.07.21"]
[Round "8"]
[White "Pereira, Ruben"]
[Black "Cruz, Jorge Filipe Egas"]
[Result "1-0"]
[WhiteElo "2420"]
[BlackElo "2159"]
[Annotator "TA"]
[PlyCount "113"]
[EventDate "2018.07.16"]
[EventType "team-tourn"]
[EventCountry "POR"]
[SourceTitle "playchess.com"]
[Source "ChessBase"]
[SourceQuality "1"]

{[%evp 19,113,41,33,17,49,32,47,55,71,56,90,84,80,90,76,87,88,24,37,29,19,0,0,0,0,0,0,0,0,0,22,0,17,18,70,80,109,68,239,214,220,232,314,312,302,305,293,279,389,361,333,159,174,159,142,109,95,90,169,170,949,960,331,945,893,929,809,667,606,506,1114,1054,608,450,1595,1645,1256,147,147,0,1026,460,2392,668,2222,2261,2268,2191,29976,29977,29980,29981,29981,29982,29979,29980]} 1. e4 c5 2. Nf3 g6 3. d4 cxd4 4. Qxd4 Nf6 5. Qa4 Nc6 6. Nc3 d6 7. e5 dxe5 8. Nxe5 Qd4 {B27: Sizilianisch (Frühes Fianchetto)} (8... Bd7 9. Nxd7 Qxd7 10. Be3 Bg7 11. Rd1 Qg4 12. Rd4 Qf5 13. Bd3 Qe5 14. Rb4 Qc7 15. Bb5 O-O 16. Rc4 {0-1 (36) Wei,Y (2706)-Bu,X (2681) China 2015}) 9. Nxc6 Qxa4 10. Nxa4 bxc6 {LiveBook: 32 Partien. Weiß steht etwas besser.} 11. Bc4 Nd5 12. Bd2 Bg7 13. O-O-O O-O $146 ({Vorgänger:} 13... Bf5 14. Rhe1 e6 15. f3 h5 16. Bb3 {1-0 (45) Schneider,J (2046)-Schaefer,M (2159) Bad Wiessee 2016}) 14. Rhe1 e6 15. Bb3 Re8 16. c4 Nb6 17. Be3 Rb8 18. Nxb6 (18. Nc5 $16) 18... axb6 $11 19. Rd6 b5 20. c5 Bf8 21. Rxc6 Bb7 22. Rb6 {Schwarz muss nun f3 beachten.} Bxg2 23. Kb1 Rxb6 24. cxb6 Rb8 25. Rg1 Bc6 26. Rc1 Be4+ (26... Bb7 $11) 27. Bc2 $14 Bd5 28. Bd3 Bb4 $2 {[#]} (28... b4 $14) 29. Bxb5 $18 Ba5 30. a4 {[%cal Ba2a4,Ba4a5,Ba5a6][%mdl 32]} Bxb6 31. Bxb6 Rxb6 {[%mdl 4096] Endspiel KTL-KTL} 32. Rc5 Kf8 33. a5 Rb7 34. a6 Ra7 35. b4 (35. Kc2 $18 {und der Rest ist Schweigen.} Ke7 36. Kc3) 35... Ke7 $16 36. Be2 Kd6 37. Rc3 Rc7 38. Kb2 Rxc3 (38... f6 $16) 39. Kxc3 {KL-KL} e5 $2 (39... f5 40. Bc4 Bf3) 40. Bc4 $18 {[#] zielt auf Lxd5 ab.} Bg2 41. Bxf7 Kc6 42. Bc4 Kb6 43. Kd2 g5 44. Ke3 Bc6 (44... h6 $142 45. f3 Ka7) 45. b5 Bg2 46. f3 h5 (46... Bh3 $142 47. Ke4 Bg2) 47. Be2 h4 48. Kf2 $2 (48. Bc4 $18 {ist der präzise Gewinnweg. Und weiter mit Le6 wäre nett.} Ka7 49. Be6) 48... Bh3 $16 49. Ke3 $2 {[%mdl 8192]} (49. Bf1 $16 Be6 50. Ke3) 49... Bg2 $1 $18 50. Bd3 (50. Bc4 $142 Bh3 51. Ke4) 50... Ka7 (50... Bh3 $142 51. Ke4 Bg2) 51. Be4 (51. Bf5 $142 Bf1 52. Bd7) 51... Bf1 52. Bc6 Bg2 53. Bd7 h3 54. Bc6 {Weiß setzt Matt.} Kb6 55. Kf2 Ka7 56. Kg3 Kb6 57. Kg4 {Precision: Weiß = 56%, Schwarz = 34%.} 1-0

[Event "POR-chT 1st Divison 2018"]
[Site "Maia"]
[Date "2018.07.21"]
[Round "8"]
[White "Padeiro, Jose"]
[Black "Romano, Luis Miguel Pereira"]
[Result "0-1"]
[WhiteElo "2284"]
[BlackElo "2083"]
[Annotator "NA"]
[PlyCount "128"]
[EventDate "2018.07.16"]
[EventType "team-tourn"]
[EventCountry "POR"]
[SourceTitle "playchess.com"]
[Source "ChessBase"]
[SourceQuality "1"]
[TimeControl "5400+30"]

1. Nf3 d5 2. c4 e6 3. g3 Nf6 4. Bg2 Be7 5. O-O O-O 6. d4 c6 7. Qc2 b6 8. Nbd2 Bb7 9. e4 Na6 10. e5 Nd7 11. a3 c5 12. dxc5 Naxc5 13. b4 Na6 14. cxd5 Bxd5 15. Bb2 Qc8 16. Qb1 Qb7 17. Re1 Rac8 18. Ne4 Rfd8 19. Bf1 Nab8 20. Nfg5 Nf8 21. Nh3 Ng6 22. Nf4 Nxf4 23. gxf4 a5 24. bxa5 bxa5 25. Ng3 Bc5 26. Bc1 Qa7 27. Be3 Bxe3 28. fxe3 Nd7 29. Qb2 Nc5 30. Rad1 Qe7 31. e4 Ba8 32. Rxd8+ Qxd8 33. Qf2 Nd3 34. Bxd3 Qxd3 35. Qe3 Qc4 36. Rd1 g6 37. f5 exf5 38. Nxf5 Qe6 39. Nh6+ Kg7 40. Rf1 Rc7 41. Qf3 Qb6+ 42. Rf2 Qb1+ 43. Rf1 Qxe4 44. Qxe4 Bxe4 45. Ng4 Rc2 46. Rf4 Bc6 47. e6 fxe6 48. Ne5 Bd5 49. Rf7+ Kg8 50. Ra7 Rg2+ 51. Kf1 Rxh2 52. Ng4 Rh4 53. Nf6+ Kh8 54. Ke2 Be4 55. Ke3 Bf5 56. Rxa5 Kg7 57. Ne8+ Kf7 58. Ra8 h5 59. a4 Rh3+ 60. Kf4 e5+ 61. Kg5 Rg3+ 62. Kh6 h4 63. Nd6+ Ke6 64. Nc4 h3 0-1

[Event "POR-chT 1st Divison 2018"]
[Site "Maia"]
[Date "2018.07.21"]
[Round "8"]
[White "Neves, Pedro"]
[Black "Alshameary Puente, Ismael"]
[Result "0-1"]
[WhiteElo "2236"]
[BlackElo "2352"]
[Annotator "TA"]
[PlyCount "118"]
[EventDate "2018.07.16"]
[EventType "team-tourn"]
[EventCountry "POR"]
[SourceTitle "playchess.com"]
[Source "ChessBase"]
[SourceQuality "1"]

{[%evp 20,118,-1,-65,0,-17,0,0,0,0,130,122,91,0,10,0,12,-100,-77,-147,-84,-95,-83,-99,-81,-118,-111,-103,-111,-129,-93,-154,-97,-303,-300,-295,-307,-312,-317,-297,-297,-528,-525,-519,-288,-481,-478,-475,-444,-423,-402,-485,-484,-490,-484,-516,-500,-513,-513,-504,-444,-412,-403,-473,-436,-730,-723,-643,-638,-581,-547,-925,-834,-1568,-1544,-1436,-1379,-2787,-1167,-939,-935,-5716,-1964,-29967,-29968,-29968,-29969,-29975,-29970,-29976,-29977,-29977,-29978,-29990,-29991,-29991,-29992,-29992,-29993,-29996,-29997]} 1. e4 c5 2. Nf3 d6 3. d4 cxd4 4. Nxd4 Nf6 5. Nc3 a6 6. Bg5 e6 7. f4 h6 8. Bh4 Be7 9. Bf2 Qc7 10. Qf3 Nbd7 11. O-O-O {LiveBook: 7 Games} (11. a4 $11) 11... Rb8 {B98: Sicilian Najdorf: 6 Bg5 e6 7 f4 Be7, sidelines} (11... b5 $1 $15) (11... b5 12. Bxb5 axb5 13. Ndxb5 Qb8 14. e5 Bb7 15. Qg3 dxe5 16. fxe5 Ne4 17. Qxg7 Bg5+ 18. Kb1 Nxc3+ 19. Nxc3 Qxe5 20. Qxe5 Nxe5 {0-1 (39) Jakubiec,A (2537)-Dydyshko,V (2548) Lubniewice 2003}) 12. g4 g5 $146 ({Predecessor:} 12... b5 13. Bd3 Nc5 14. Kb1 Bb7 15. h4 b4 16. g5 bxc3 17. gxf6 Bxf6 18. Nb3 Na4 19. Rdf1 cxb2 {½-½ (53) Balazs,L (1982)-Hurtuk,R (1747) Stara Lubovna 2014}) 13. h4 gxf4 {The position is equal.} 14. Be2 h5 (14... Ne5 $1 $11 15. Qxf4 Nexg4 $1 {[%mdl 512]}) 15. g5 $16 ({And not} 15. Qxf4 hxg4 16. Nb3 b5 $17) 15... Ng4 16. g6 (16. Qxf4 $16 e5 17. Nd5) 16... Nde5 17. gxf7+ Nxf7 {aiming for ...Nfe5.} 18. Rdf1 (18. Rhf1 $11 {keeps the balance.}) 18... Bf8 $36 {[%mdl 2048] White is under strong pressure.} 19. Be1 (19. Kb1 $142) 19... Qc5 (19... b5 $142 {Hoping for ...Bg7.} 20. Kb1 (20. Qxf4 $2 Bh6 $19) 20... Bg7) 20. Nb3 $17 {[#]} Qe3+ $1 21. Qxe3 fxe3 22. Nd1 Nfe5 23. Bg3 Bh6 24. Bf4 Bd7 25. Nd4 ({Better is} 25. Bxh6 Rxh6 26. Rh3) 25... Ke7 (25... Bxf4 $142 26. Rxf4 Ke7 27. Bxg4 Nxg4) 26. Rh3 $2 (26. Bxh6 $17 Rxh6 27. Rh3) 26... Bxf4 $19 27. Rxf4 Ng6 28. Rf1 e5 29. Nf5+ Bxf5 $1 30. Rxf5 $2 (30. exf5 Nf4 31. Rxf4 exf4 32. Rf3) 30... Nf4 31. Bxg4 Nxh3 32. Bxh3 $2 (32. Bf3) 32... e2 33. Kd2 {Ne3 is the strong threat.} exd1=Q+ ({Less strong is} 33... exd1=R+ 34. Kxd1 Rbg8 35. Ke2 $19) 34. Kxd1 {[%mdl 4096] Endgame KRR-KRB} Rbf8 35. Rg5 Rfg8 36. Rf5 Rg3 37. Bf1 Rf8 38. Rxf8 Kxf8 {KR-KB} 39. Be2 Rh3 40. Bxh5 Rxh4 41. Bg6 Rh2 42. b4 (42. Bf5 $142 a5 43. a4) 42... b6 43. Kc1 Ke7 44. Bf5 a5 45. a3 Kf6 46. Bd7 Kg5 47. Bc6 Kf4 48. Kb2 Rd2 (48... axb4 $142 49. axb4 Rh3) 49. Kb3 axb4 50. axb4 Rd4 51. Ka4 Rxe4 {Black mates.} 52. Kb5 Re2 53. c3 Rc2 54. Kxb6 Rxc3 55. b5 e4 56. Ka5 e3 57. b6 e2 58. b7 e1=Q 59. b8=Q Rb3+ {Precision: White = 34%, Black = 70%.} 0-1

[Event "POR-chT 1st Divison 2018"]
[Site "Maia"]
[Date "2018.07.21"]
[Round "8"]
[White "Ribeiro, Fernando"]
[Black "Marchena Hurtado, Javier"]
[Result "0-1"]
[WhiteElo "2165"]
[BlackElo "2354"]
[Annotator "NA"]
[PlyCount "72"]
[EventDate "2018.07.16"]
[EventType "team-tourn"]
[EventCountry "POR"]
[SourceTitle "playchess.com"]
[Source "ChessBase"]
[SourceQuality "1"]
[TimeControl "5400+30"]

1. e4 {[%emt 0:02:51]} c5 {[%emt 0:00:21]} 2. Nf3 {[%emt 0:01:55]} Nc6 {[%emt 0:00:06]} 3. Bb5 {[%emt 0:01:48]} d6 {[%emt 0:00:05]} 4. d4 {[%emt 0:00:19]} cxd4 {[%emt 0:00:05]} 5. Qxd4 {[%emt 0:00:32]} Bd7 {[%emt 0:00:06]} 6. Bxc6 {[%emt 0:00:07]} Bxc6 {[%emt 0:00:03]} 7. Nc3 {[%emt 0:00:20]} Nf6 {[%emt 0:00:09]} 8. Bg5 {[%emt 0:00:19]} e6 {[%emt 0:00:04]} 9. O-O-O {[%emt 0:00:13]} Be7 {[%emt 0:00:03]} 10. Qd3 {[%emt 0:01:00]} Qa5 {[%emt 0:00:29]} 11. h4 {[%emt 0:03:51]} h6 {[%emt 0:01:02]} 12. Bd2 {[%emt 0:00:57]} Qa6 {[%emt 0:01:04]} 13. Qxa6 {[%emt 0:11:46]} bxa6 {[%emt 0:01:26]} 14. Rhe1 {[%emt 0:00:18]} Ng4 {[%emt 0:07:07]} 15. Re2 {[%emt 0:02:55]} O-O {[%emt 0:04:32]} 16. Bf4 {[%emt 0:09:10]} e5 {[%emt 0:15:04]} 17. Bg3 {[%emt 0:14:48]} f5 {[%emt 0:02:28]} 18. exf5 {[%emt 0:02:28]} Rxf5 {[%emt 0:02:05]} 19. Nd5 {[%emt 0:00:55]} Bf8 {[%emt 0:01:26]} 20. Nh2 {[%emt 0:14:13]} Nf6 {[%emt 0:18:37]} 21. Ne3 {[%emt 0:01:26]} Rh5 {[%emt 0:01:45]} 22. f3 {[%emt 0:00:24]} e4 {[%emt 0:05:14]} 23. fxe4 {[%emt 0:08:14]} Nxe4 {[%emt 0:03:02]} 24. Be1 {[%emt 0:00:09]} Re8 {[%emt 0:05:41]} 25. Nf3 {[%emt 0:01:30]} g6 {[%emt 0:06:01]} 26. c4 {[%emt 0:02:45]} Nc5 {[%emt 0:12:49]} 27. Nd4 {[%emt 0:06:19]} Bd7 {[%emt 0:00:56]} 28. Nd5 {[%emt 0:02:47]} Rxe2 {[%emt 0:00:06]} 29. Nxe2 {[%emt 0:00:18]} Rf5 {[%emt 0:09:06]} 30. Ng3 {[%emt 0:01:30]} Rf7 {[%emt 0:00:42]} 31. b4 {[%emt 0:01:31]} Na4 {[%emt 0:00:54]} 32. Ne4 {[%emt 0:00:39]} Bg7 {[%emt 0:03:16]} 33. Nxd6 {[%emt 0:00:19]} Rf8 {[%emt 0:00:20]} 34. Bg3 {[%emt 0:03:11]} Nb2 {[%emt 0:00:02]} 35. Rd2 {[%emt 0:01:01]} Rf1+ {[%emt 0:00:14]} 36. Kc2 {[%emt 0:00:05]} Ba4# {[%emt 0:00:09]} 0-1

[Event "POR-chT 1st Divison 2018"]
[Site "Maia"]
[Date "2018.07.21"]
[Round "8"]
[White "Reis, Luis Sousa"]
[Black "Ftacnik, Lubomir"]
[Result "0-1"]
[WhiteElo "2150"]
[BlackElo "2514"]
[Annotator "TA"]
[PlyCount "58"]
[EventDate "2018.07.16"]
[EventType "team-tourn"]
[EventCountry "POR"]
[SourceTitle "playchess.com"]
[Source "ChessBase"]
[SourceQuality "1"]

{[%evp 21,58,59,123,29,20,0,10,0,89,39,55,55,58,-162,-164,-128,-141,-158,-132,-145,-141,-270,-276,-329,-320,-320,-320,-318,-320,-314,-312,-306,-298,-323,-320,-340,-347,-349,-357]} 1. e4 c5 2. Nf3 d6 3. d4 cxd4 4. Nxd4 Nf6 5. Nc3 e6 6. f4 a6 7. Bd3 Nc6 8. Nxc6 bxc6 9. O-O Be7 10. Qe2 {B46: Sicilian: Taimanov: 5 Nc3 a6} Qc7 11. e5 Nd5 {[#] LiveBook: 3 Games} (11... dxe5 $14 12. fxe5 (12. Qxe5 Qxe5 13. fxe5 Ng4 $11) 12... Nd7) 12. Bd2 $146 ({Better is} 12. Ne4 $1 $16) ({Predecessor:} 12. exd6 Bxd6 13. Ne4 Bxf4 14. Bxf4 Nxf4 15. Qg4 Ng6 16. Kh1 e5 17. Qg3 Qe7 18. Bc4 {1-0 (33) Iordachescu,V (2555)-Smetankin,S (2455) Condom 2002}) 12... Nxc3 $11 13. Bxc3 d5 14. f5 c5 (14... exf5 $11 15. Bxf5 Bxf5 16. Rxf5 Bc5+ 17. Kh1 Qe7) 15. fxe6 Bxe6 16. Bxa6 O-O {White must now prevent ...d4.} 17. Bd3 $2 (17. Bb5 $14 {stays ahead.}) 17... c4 $19 18. Bf5 Qb6+ 19. Kh1 {[#]} Bxf5 $1 20. Rxf5 d4 $36 {[%mdl 2048] Black is in control.} 21. Qxc4 (21. Qf2 $17 {was called for.} Bc5 22. Bd2) 21... dxc3 {Black has a decisive advantage.} 22. bxc3 Qe6 23. Qxe6 fxe6 24. Rxf8+ Kxf8 {KRB-KR} 25. a4 Ra5 26. Kg1 Bd8 ({Don't do} 26... Rxe5 27. a5 $19) 27. Kf1 Rxe5 28. Rd1 Ke7 29. Rd4 Rc5 {Precision: White = 34%, Black = 73%.} 0-1

[Event "POR-chT 1st Divison 2018"]
[Site "Maia"]
[Date "2018.07.21"]
[Round "8"]
[White "Dias, Ivo Rodrigues"]
[Black "Santos Latasa, Jaime"]
[Result "0-1"]
[WhiteElo "2138"]
[BlackElo "2576"]
[Annotator "RC"]
[PlyCount "88"]
[EventDate "2018.07.16"]
[EventType "team-tourn"]
[EventCountry "POR"]
[SourceTitle "playchess.com"]
[Source "ChessBase"]
[SourceQuality "1"]
[TimeControl "5400+30"]

1. e4 {[%emt 0:00:00]} e5 2. Nf3 {[%emt 0:00:06]} Nc6 {[%emt 0:00:35]} 3. Bc4 {[%emt 0:02:39]} Bc5 {[%emt 0:00:30]} 4. c3 {[%emt 0:01:21]} Nf6 {[%emt 0:00:04]} 5. d3 {[%emt 0:00:04]} a6 {[%emt 0:00:03]} 6. O-O {[%emt 0:00:23]} d6 {[%emt 0:00:07]} 7. h3 {[%emt 0:00:13]} Ba7 {[%emt 0:00:12]} 8. Re1 {[%emt 0:00:08]} h6 {[%emt 0:00:48]} 9. Bb3 {[%emt 0:00:33]} Bd7 {[%emt 0:00:24]} 10. Be3 {[%emt 0:09:39]} Bxe3 {[%emt 0:00:39]} 11. Rxe3 {[%emt 0:01:37]} Qe7 {[%emt 0:07:08]} 12. d4 {[%emt 0:02:19]} O-O {[%emt 0:01:00]} 13. Nbd2 {[%emt 0:03:01]} Rae8 {[%emt 0:00:26]} 14. Re1 {[%emt 0:11:32]} Qd8 {[%emt 0:02:26]} 15. Bc2 {[%emt 0:04:34]} Nh7 {[%emt 0:07:21]} 16. dxe5 {[%emt 0:02:27]} Nxe5 {[%emt 0:01:38]} 17. Nd4 {[%emt 0:02:12]} Ng6 {[%emt 0:02:46]} 18. Nf1 {[%emt 0:02:14]} Ng5 {[%emt 0:01:44]} 19. Ng3 {[%emt 0:01:22]} Nf4 {[%emt 0:00:47]} 20. Ndf5 {[%emt 0:10:02]} Nge6 {[%emt 0:05:23]} 21. Qg4 {[%emt 0:13:47]} Qg5 {[%emt 0:06:06]} 22. Rad1 {[%emt 0:01:45]} g6 {[%emt 0:01:28]} 23. Qxg5 {[%emt 0:01:17]} hxg5 {[%emt 0:01:24]} 24. Ne3 {[%emt 0:00:13]} Nc5 {[%emt 0:01:01]} 25. f3 {[%emt 0:01:50]} Be6 {[%emt 0:02:28]} 26. b4 {[%emt 0:07:17]} Nd7 {[%emt 0:00:19]} 27. Ba4 {[%emt 0:00:54]} b5 {[%emt 0:01:13]} 28. Bb3 {[%emt 0:00:44]} Ne5 {[%emt 0:00:05]} 29. Ng4 {[%emt 0:05:41]} Bxg4 {[%emt 0:03:23]} 30. hxg4 {[%emt 0:00:11]} a5 {[%emt 0:01:23]} 31. a3 {[%emt 0:01:11]} Ra8 {[%emt 0:01:18]} 32. Nf1 {[%emt 0:01:24]} axb4 {[%emt 0:01:27]} 33. axb4 {[%emt 0:00:02]} Ra3 {[%emt 0:00:24]} 34. Rb1 {[%emt 0:00:19]} c5 {[%emt 0:00:47]} 35. bxc5 {[%emt 0:00:35]} dxc5 {[%emt 0:00:16]} 36. Bd5 {[%emt 0:00:28]} Rb8 {[%emt 0:00:10]} 37. Re3 {[%emt 0:02:02]} Rxc3 {[%emt 0:00:51]} 38. Rxc3 {[%emt 0:00:53]} Ne2+ {[%emt 0:00:21]} 39. Kf2 {[%emt 0:01:24]} Nxc3 {[%emt 0:00:11]} 40. Rb3 {[%emt 0:00:16]} Nxd5 {[%emt 0:02:06]} 41. exd5 {[%emt 0:00:02]} c4 {[%emt 0:00:21]} 42. Rb1 {[%emt 0:00:19]} c3 {[%emt 0:01:33]} 43. Ke2 {[%emt 0:00:23]} b4 {[%emt 0:00:16]} 44. Ne3 {[%emt 0:00:20]} b3 {[%emt 0:00:14]} 0-1

[Event "POR-chT 1st Divison 2018"]
[Site "Maia"]
[Date "2018.07.21"]
[Round "8"]
[White "Guerreiro, Nuno"]
[Black "Nagy, Gabor"]
[Result "0-1"]
[WhiteElo "2050"]
[BlackElo "2474"]
[Annotator "ChessBase"]
[PlyCount "54"]
[EventDate "2018.07.16"]
[EventType "team-tourn"]
[EventCountry "POR"]
[SourceTitle "playchess.com"]
[Source "ChessBase"]
[SourceQuality "1"]
[TimeControl "5400+30"]

1. Nf3 {[%emt 0:00:00]} c5 {[%emt 0:00:53]} 2. g3 {[%emt 0:00:00]} Nc6 {[%emt 0:00:19]} 3. Bg2 {[%emt 0:00:00]} g6 {[%emt 0:00:08]} 4. O-O {[%emt 0:00:12]} Bg7 {[%emt 0:00:15]} 5. c4 {[%emt 0:04:02]} e5 {[%emt 0:01:19]} 6. Nc3 {[%emt 0:01:44]} Nge7 {[%emt 0:01:30]} 7. Rb1 {[%emt 0:01:13]} O-O {[%emt 0:00:29]} 8. Ne1 {[%emt 0:01:02]} a6 {[%emt 0:02:49]} 9. a3 {[%emt 0:00:58]} Rb8 {[%emt 0:02:23]} 10. b4 {[%emt 0:01:52]} cxb4 {[%emt 0:00:17]} 11. axb4 {[%emt 0:00:05]} b5 {[%emt 0:00:12]} 12. cxb5 {[%emt 0:07:20]} axb5 {[%emt 0:00:17]} 13. Qb3 {[%emt 0:01:46]} d6 {[%emt 0:02:23]} 14. Nc2 {[%emt 0:06:52]} Be6 {[%emt 0:02:03]} 15. Nd5 {[%emt 0:00:36]} Kh8 {[%emt 0:00:22]} 16. e4 {[%emt 0:11:36]} f5 {[%emt 0:00:57]} 17. d3 {[%emt 0:00:34]} f4 {[%emt 0:01:33]} 18. Rd1 {[%emt 0:02:53]} Qe8 {[%emt 0:07:11]} 19. gxf4 {[%emt 0:10:06]} exf4 {[%emt 0:00:52]} 20. d4 {[%emt 0:00:02]} Bg8 {[%emt 0:04:38]} 21. Ra1 {[%emt 0:09:42]} g5 {[%emt 0:00:29]} 22. Qh3 {[%emt 0:02:24]} Rc8 {[%emt 0:03:19]} 23. Qd3 {[%emt 0:03:23]} Qh5 {[%emt 0:05:18]} 24. Ra3 {[%emt 0:06:20]} Nxd5 {[%emt 0:00:32]} 25. exd5 {[%emt 0:00:08]} Ne7 {[%emt 0:00:06]} 26. Rd2 {[%emt 0:09:18]} Nxd5 {[%emt 0:00:40]} 27. Qxb5 {[%emt 0:01:55]} Rxc2 {[%emt 0:00:08]} 0-1

[Event "POR-chT 1st Divison 2018"]
[Site "Maia"]
[Date "2018.07.21"]
[Round "8"]
[White "Cavaleiro, Daniel Filipe Costa"]
[Black "Eggert, Alberto"]
[Result "1-0"]
[WhiteElo "1987"]
[BlackElo "2142"]
[Annotator "NA"]
[PlyCount "77"]
[EventDate "2018.07.16"]
[EventType "team-tourn"]
[EventCountry "POR"]
[SourceTitle "playchess.com"]
[Source "ChessBase"]
[SourceQuality "1"]
[TimeControl "5400+30"]

1. d4 {[%emt 0:04:29]} Nf6 {[%emt 0:00:13]} 2. c4 {[%emt 0:00:07]} e6 {[%emt 0:00:24]} 3. Nf3 {[%emt 0:00:18]} b6 {[%emt 0:00:53]} 4. g3 {[%emt 0:01:31]} Bb7 {[%emt 0:00:20]} 5. Bg2 {[%emt 0:00:06]} Be7 {[%emt 0:00:23]} 6. O-O {[%emt 0:00:07]} O-O {[%emt 0:00:18]} 7. Nc3 {[%emt 0:00:18]} d5 {[%emt 0:07:45]} 8. b3 {[%emt 0:00:44]} Ne4 {[%emt 0:15:34]} 9. Bb2 {[%emt 0:00:37]} f5 {[%emt 0:07:16]} 10. Nd2 {[%emt 0:04:54]} Nc6 {[%emt 0:11:19]} 11. Ndxe4 {[%emt 0:13:44]} dxe4 {[%emt 0:05:50]} 12. d5 {[%emt 0:01:09]} exd5 {[%emt 0:01:53]} 13. Qxd5+ {[%emt 0:01:23]} Rf7 {[%emt 0:09:30]} 14. Qxd8+ {[%emt 0:02:40]} Rxd8 {[%emt 0:00:31]} 15. Nd5 {[%emt 0:00:40]} Bc5 {[%emt 0:03:46]} 16. Rad1 {[%emt 0:01:22]} Rd6 {[%emt 0:04:59]} 17. Bc3 {[%emt 0:02:23]} a5 {[%emt 0:00:35]} 18. Bh3 {[%emt 0:08:22]} g5 {[%emt 0:02:09]} 19. Rd2 {[%emt 0:04:06]} f4 {[%emt 0:11:13]} 20. e3 {[%emt 0:02:12]} h5 {[%emt 0:06:39]} 21. gxf4 {[%emt 0:05:52]} gxf4 {[%emt 0:00:07]} 22. Nxf4 {[%emt 0:00:13]} Rxf4 {[%emt 0:01:29]} 23. Rxd6 {[%emt 0:01:04]} cxd6 {[%emt 0:00:26]} 24. exf4 {[%emt 0:00:07]} e3 {[%emt 0:02:40]} 25. Be6+ {[%emt 0:03:45]} Kf8 {[%emt 0:00:29]} 26. fxe3 {[%emt 0:00:53]} Bxe3+ {[%emt 0:00:28]} 27. Kg2 {[%emt 0:00:15]} Nb4+ {[%emt 0:01:01]} 28. Kg3 {[%emt 0:02:20]} Nxa2 {[%emt 0:00:44]} 29. Bf6 {[%emt 0:00:28]} Nc1 {[%emt 0:01:11]} 30. Bd5 {[%emt 0:12:18]} Bc8 {[%emt 0:02:16]} 31. Kf3 {[%emt 0:04:39]} Bh3 {[%emt 0:01:18]} 32. Rh1 {[%emt 0:04:59]} Bd2 {[%emt 0:00:32]} 33. Rg1 {[%emt 0:01:02]} Bg4+ {[%emt 0:00:16]} 34. Ke4 {[%emt 0:00:46]} Nxb3 {[%emt 0:01:39]} 35. h3 {[%emt 0:04:01]} Nc5+ {[%emt 0:01:00]} 36. Kd4 {[%emt 0:00:07]} Ne6+ {[%emt 0:00:44]} 37. Kd3 {[%emt 0:00:53]} Nxf4+ {[%emt 0:00:15]} 38. Kxd2 {[%emt 0:00:32]} Nxh3 {[%emt 0:00:03]} 39. Rb1 {[%emt 0:01:19]} 1-0

[Event "POR-chT 1st Divison 2018"]
[Site "Maia"]
[Date "2018.07.21"]
[Round "8"]
[White "Gomes, Rui Pedro De Sousa"]
[Black "Espineira Gonzalez, Diego"]
[Result "0-1"]
[WhiteElo "1750"]
[BlackElo "2327"]
[Annotator "NA"]
[PlyCount "70"]
[EventDate "2018.07.16"]
[EventType "team-tourn"]
[EventCountry "POR"]
[SourceTitle "playchess.com"]
[Source "ChessBase"]
[SourceQuality "1"]
[TimeControl "5400+30"]

1. d4 {[%emt 0:00:00]} d5 {[%emt 0:02:26]} 2. Bf4 {[%emt 0:00:00]} Nf6 {[%emt 0:00:07]} 3. e3 {[%emt 0:00:15]} c5 {[%emt 0:00:14]} 4. c3 {[%emt 0:00:31]} Qb6 {[%emt 0:00:14]} 5. Qb3 {[%emt 0:00:51]} c4 {[%emt 0:00:35]} 6. Qc2 {[%emt 0:04:02]} Nc6 {[%emt 0:00:11]} 7. Nd2 {[%emt 0:00:45]} g6 {[%emt 0:05:10]} 8. e4 {[%emt 0:08:45]} e6 {[%emt 0:04:13]} 9. Rb1 {[%emt 0:11:09]} Bg7 {[%emt 0:01:13]} 10. Ngf3 {[%emt 0:01:47]} O-O {[%emt 0:03:04]} 11. Ne5 {[%emt 0:09:51]} Nh5 {[%emt 0:02:53]} 12. Be3 {[%emt 0:06:25]} f5 {[%emt 0:00:54]} 13. exf5 {[%emt 0:12:37]} exf5 {[%emt 0:00:13]} 14. Ndxc4 {[%emt 0:07:31]} dxc4 {[%emt 0:00:07]} 15. Bxc4+ {[%emt 0:00:15]} Kh8 {[%emt 0:00:06]} 16. Nf7+ {[%emt 0:01:01]} Rxf7 {[%emt 0:00:05]} 17. Bxf7 {[%emt 0:00:08]} f4 {[%emt 0:04:34]} 18. Bxg6 {[%emt 0:04:43]} Nb4 {[%emt 0:02:08]} 19. cxb4 {[%emt 0:05:04]} hxg6 {[%emt 0:00:35]} 20. Qc5 {[%emt 0:02:56]} fxe3 {[%emt 0:02:18]} 21. fxe3 {[%emt 0:01:04]} Qe6 {[%emt 0:00:52]} 22. d5 {[%emt 0:02:00]} Qf5 {[%emt 0:01:53]} 23. Rd1 {[%emt 0:01:33]} Bd7 {[%emt 0:00:12]} 24. d6 {[%emt 0:05:41]} Qe4 {[%emt 0:05:45]} 25. O-O {[%emt 0:01:11]} Rc8 {[%emt 0:00:09]} 26. Qg5 {[%emt 0:00:47]} Rc2 {[%emt 0:02:02]} 27. Rf2 {[%emt 0:04:04]} Rxf2 {[%emt 0:07:55]} 28. Kxf2 {[%emt 0:00:04]} Nf6 {[%emt 0:00:23]} 29. Kg1 {[%emt 0:05:05]} Ng4 {[%emt 0:04:48]} 30. Re1 {[%emt 0:01:18]} Bc6 {[%emt 0:01:04]} 31. Qh4+ {[%emt 0:01:27]} Kg8 {[%emt 0:00:12]} 32. Re2 {[%emt 0:00:38]} Bf6 {[%emt 0:01:08]} 33. Qe1 {[%emt 0:00:28]} Nxe3 {[%emt 0:01:17]} 34. b5 {[%emt 0:01:22]} Bxb5 {[%emt 0:00:40]} 35. Kh1 {[%emt 0:01:34]} Bxe2 {[%emt 0:00:15]} 0-1